000 00210nam a22000857a 4500
001 1235216
005 20250930112612.0
245 _aİNANMAK VE BİLMEK
_cBRIGITTE LABBE
260 _bGÜNIŞIĞI KİTAPLIĞI YAYINLARI
999 _c1235216
_d1235216